Twelfth night [

Bibliographic Details
Main Author: Shakespeare, William
Other Authors: Gorrie, John
Format: Book
Published: London : BBC Video , 199-
Subjects:

MARC

LEADER 00000cam a2200000 7i4500
001 0000001959
002 000002127
005 20091006.0
020 |a 000002127 
090 0 0 |a 822.33   |b SHA 
100 1 |a Shakespeare, William 
245 1 0 |a Twelfth night [  |h video recording]   |c William Shakespeare 
260 |a London :   |b BBC Video ,   |c 199- 
300 |a 1 Videocaassette VHS (130 minutes) :   |b col.(PAL) 
500 |a Library has 1 copy 
650 0 0 |a Shakespeare, William   |y 1564-1616   |x Film and video adaptation   |x Twelfth night - Drama 
700 0 |a Gorrie, John 
999 |a 00049   |b VIDEO   |c KOLEKSI AUDIO VIDEO   |e PERPUSTAKAAN KOMUNITI PETALING JAYA